000 00263nam a22001217a 4500
008 181009b xxu||||| |||| 00| 0 eng d
041 _aeng
080 _a531
100 _a43
101 _aFIZ
245 _aProgress in Nuclear Physics
_cFrisch
942 _2udc
_cBK
999 _c49153
_d49153